[Event "Eurasia Cup op"]
[Site "Ekaterinburg"]
[Date "2019.07.31"]
[Round "1"]
[White "Khrustalev, Artemy"]
[Black "Skvortsov, Andrei"]
[Result "0-1"]
[WhiteElo "1550"]
[BlackElo "2187"]
[PlyCount "58"]
[EventDate "2019.07.31"]
[EventType "swiss"]
[EventRounds "9"]
[EventCountry "RUS"]
[SourceTitle "CBM 191 Extra"]
[Source "ChessBase"]
[SourceDate "2019.09.30"]
[SourceVersion "1"]
[SourceVersionDate "2019.09.30"]
[SourceQuality "1"]

1. Nf3 d5 2. e3 Nf6 3. c4 c6 4. Nc3 g6 5. cxd5 Nxd5 6. d4 Bg7 7. Be2 0-0 8. 0-0 Nd7 9. e4 Nxc3 10. bxc3 e5 11. Rb1 exd4 12. cxd4 Re8 13. Qc2 Nf6 14. Bg5 h6 15. Bxf6 Bxf6 16. e5 Be7 17. Qd2 Bf8 18. Qe3 b6 19. Bc4 Bf5 20. Rbc1 Rc8 21. Kh1 Qe7 22. Nd2 c5 23. f4 cxd4 24. Qxd4 Red8 25. Qe3 Qb4 26. g4 Rxd2 27. gxf5 Rxc4 28. Rb1 Rcc2 29. Qf3 Rxh2+ 0-1